000 00299nam a22001337a 4500
008 170208b xxu||||| |||| 00| 0 eng d
020 _a9781893349070
041 _aeng
080 _a61
100 _a4
101 _aSHM
245 _aPAIN MANAGEMENT AT THE END OF LIFE
_cDOKA, K.J
942 _2udc
_cBK
999 _c4875
_d4875